| 000 | 01140nam a2200301Ia 4500 | ||
|---|---|---|---|
| 005 | 20220316235331.0 | ||
| 008 | 121119s2002 ck a gr 000 f spa | ||
| 020 | _a9583004448 | ||
| 041 | 0 | _aspa | |
| 100 | 1 |
_aCervantes Saavedra, Miguel de, _d1547-1616 |
|
| 245 | 1 | 3 |
_aEl ingenioso hidalgo Don Quijote de la Mancha _cMiguel de Cervantes Saavedra ; introducción y anotaciones, Jaime García Maffla ; ilustraciones, Ricardo Balaca y José Luis Pellicer |
| 250 | _aCuarta reimpresión | ||
| 264 | 1 |
_aBogotá _bPanamericana _c2002 |
|
| 300 |
_a904 páginas _bilustraciones _c23 cm. |
||
| 336 |
_atexto _btxt _2rdacontent |
||
| 337 |
_asin mediación _bn _2rdamedia |
||
| 338 |
_avolumen _bnc _2rdacarrier |
||
| 490 | 0 | _aLiteratura universal | |
| 650 | 1 | 4 |
_2LEMB _aNovela española _y1500-1700 |
| 650 | 1 | 4 |
_2LEMB _aLibros de caballería |
| 650 | 1 | 4 |
_2LEMB _aLiteratura española |
| 700 | 1 |
_aBalaca, Ricardo _eilustrador _9117780 |
|
| 700 | 1 |
_aPellicer, José Luis _eilustrador _9117781 |
|
| 700 | 1 |
_aGarcía Maffla, Jaime _eautor de introducción _910103 |
|
| 942 |
_2loc _cBKLIT |
||
| 040 |
_aCO-BoRNBP _bspa _erda _cCO-BoRNBP |
||
| 084 | _aN CER3 | ||
| 999 |
_c633 _d633 |
||